00534nam a22001577a 4500003000900000008004100009040007100050082001700121100002500138245006300163260004600226300002800272650002400300650002600324650002600350AR-CdUCM190305b ||||| |||| 00| 0 spa d aMUNICIPALIDAD PROVINCIAL DEL CUSCOcBIBLIOTECA MUNICIPAL DEL CUSCO a343.2 /bM39 aMejía Waman, Mario aPerú Suyoq Kostitucion Politikan :bEdicion Bilingüe / aCusco :bMunicipalidad del Qosqo ,c1991. a173 páginas ;c23 cm. aLegislacion Peruana aConstitucion Politica aConstitucion Quechua